| 000 | 00400cam a2200145ua 4500 | ||
|---|---|---|---|
| 041 |
_aeng _h |
||
| 082 |
_a636.084 _bYEN/FE |
||
| 100 | _aNarayana Aiyer, Yengha A,K . | ||
| 245 |
_aFeeds and fodders / _cA.K.Yengha Narayana Aiyar. _hTextual Documents |
||
| 260 |
_aBangalore : _bBangalore printing&publishing Ltd , _c1950. |
||
| 300 | _a127 ; . | ||
| 504 | _a | ||
| 942 | _cBK | ||
| 999 |
_c10443 _d10443 |
||